[Event "Baden Youth-ch 2020"]
[Site "Karlsruhe-Durlach"]
[Date "2020.01.03"]
[Round "3.5"]
[White "Wu, Luka"]
[Black "Wang, Xinyuan"]
[Result "1-0"]
[WhiteElo "2057"]
[BlackElo "2020"]
[Annotator "NA"]
[PlyCount "127"]
[EventDate "2020.01.02"]
[EventType "swiss"]
[EventCountry "GER"]
[SourceTitle "playchess.com"]
[Source "ChessBase"]
[SourceQuality "1"]
[TimeControl "5400+30"]

1. e4 {[%emt 0:00:00]} c5 {[%emt 0:00:00]} 2. Nf3 {[%emt 0:00:00]} a6 {[%emt 0:00:00]} 3. c3 {[%emt 0:00:00]} e6 {[%emt 0:00:00]} 4. d4 {[%emt 0:00:00]} d5 {[%emt 0:00:00]} 5. e5 {[%emt 0:00:00]} Bd7 {[%emt 0:00:04]} 6. Bd3 {[%emt 0:00:00]} cxd4 {[%emt 0:00:05] B28: Sicilian: 2 Nf3 a6 (O'Kelly Variation)} 7. cxd4 {[%emt 0:00:03]} Bb5 {[%emt 0:00:04]} 8. Bc2 {[%emt 0:00:24]} Nd7 $146 {[%emt 0:01:12]} ({Predecessor:} 8... Bb4+ 9. Bd2 a5 10. a3 Bxd2+ 11. Qxd2 Ne7 12. Nc3 Ba6 13. h4 h6 14. Rh3 {1-0 (46) Eliseev,U (2582)-Artemiev,V (2673) Moscow 2016}) 9. Nc3 {[%emt 0:00:38]} Ne7 {[%emt 0:00:17]} 10. Nxb5 {[%emt 0:06:02]} axb5 {[%emt 0:00:06]} 11. O-O {[%emt 0:00:09]} Nc6 {[%emt 0:00:25]} 12. Ng5 {[%emt 0:05:36]} h6 {[%emt 0:04:40]} 13. Qh5 {[%emt 0:02:01]} hxg5 {[%emt 0:00:10]} 14. Qxh8 {[%emt 0:00:21]} Nxd4 {[%emt 0:00:16]} 15. Bd1 {[%emt 0:00:41]} Nxe5 {[%emt 0:00:34]} 16. Qh5 {[%emt 0:01:35]} Be7 {[%emt 0:00:55]} 17. Bd2 {[%emt 0:03:07]} Nc4 {[%emt 0:03:39]} 18. Bc3 {[%emt 0:00:30]} Bf6 {[%emt 0:03:27]} 19. Qg4 {[%emt 0:10:29]} (19. Re1 $15 Kf8 20. Qh7) 19... Nf5 {[%emt 0:02:08]} 20. Be2 {[%emt 0:15:49]} Nfd6 {[%emt 0:02:15]} 21. Bxf6 {[%emt 0:01:20]} Qxf6 $11 {[%emt 0:00:48]} 22. b3 {[%emt 0:16:21]} Nd2 {[%emt 0:01:03]} 23. Qb4 {[%emt 0:01:40]} Qf4 {[%emt 0:03:56]} 24. Bxb5+ {[%emt 0:05:36]} Ke7 {[%emt 0:00:24]} 25. Qxf4 {[%emt 0:00:14]} gxf4 {[%emt 0:00:07]} 26. Rfd1 {[%emt 0:00:04]} N2e4 {[%emt 0:00:53]} 27. Bd3 {[%emt 0:00:47]} Nc3 {[%emt 0:01:03]} 28. Rd2 {[%emt 0:00:50]} e5 {[%emt 0:03:13]} 29. Rc2 {[%emt 0:02:17]} d4 {[%emt 0:00:13]} 30. f3 {[%emt 0:00:15]} f5 {[%emt 0:00:24]} 31. a4 {[%emt 0:04:29]} e4 {[%emt 0:04:23]} 32. Bf1 {[%emt 0:03:03]} b5 {[%emt 0:03:09]} 33. Rd2 {[%emt 0:09:12]} d3 {[%emt 0:01:14]} 34. Re1 {[%emt 0:05:11]} Kd7 {[%emt 0:02:56]} 35. fxe4 {[%emt 0:02:09]} fxe4 {[%emt 0:00:20]} 36. axb5 {[%emt 0:00:28]} Ndxb5 {[%emt 0:03:05]} 37. Bxd3 {[%emt 0:00:16]} exd3 {[%emt 0:00:33]} 38. Rxd3+ {[%emt 0:00:03]} Kc6 {[%emt 0:01:25]} 39. Rc1 {[%emt 0:00:25]} Kc5 {[%emt 0:00:51]} 40. Rdxc3+ {[%emt 0:00:11]} Nxc3 {[%emt 0:00:10]} 41. Rxc3+ {[%emt 0:00:03]} Kb4 {[%emt 0:00:06]} 42. Rc4+ {[%emt 0:00:07]} Kxb3 {[%emt 0:01:39]} 43. Rxf4 {[%emt 0:00:04]} Kc3 {[%emt 0:00:26]} 44. Rf7 {[%emt 0:00:20]} g5 {[%emt 0:00:58]} 45. Rd7 {[%emt 0:00:08]} g4 {[%emt 0:07:44]} 46. Kf2 {[%emt 0:00:14]} Rg8 {[%emt 0:00:08]} 47. Kg3 {[%emt 0:00:06]} Kc4 {[%emt 0:00:16]} 48. Rf7 {[%emt 0:00:04]} Kd5 {[%emt 0:00:06]} 49. Rf4 {[%emt 0:00:06]} Ke5 {[%emt 0:00:08]} 50. Rxg4 {[%emt 0:00:06]} Ra8 {[%emt 0:00:06]} 51. h4 {[%emt 0:00:15]} Kf5 {[%emt 0:00:15]} 52. Rf4+ {[%emt 0:00:16]} Kg6 {[%emt 0:00:07]} 53. Kg4 {[%emt 0:00:05]} Ra5 {[%emt 0:00:17]} 54. g3 {[%emt 0:00:07]} Rb5 {[%emt 0:00:09]} 55. h5+ {[%emt 0:00:48]} Kg7 {[%emt 0:00:27]} 56. Kh4 {[%emt 0:00:20]} Kh7 {[%emt 0:00:19]} 57. g4 {[%emt 0:00:05]} Rb6 {[%emt 0:00:08]} 58. g5 {[%emt 0:00:22]} Kh8 {[%emt 0:00:07]} 59. h6 {[%emt 0:00:05]} Rb8 {[%emt 0:00:10]} 60. g6 {[%emt 0:00:53]} Rg8 {[%emt 0:00:13]} 61. g7+ {[%emt 0:01:14]} Kh7 {[%emt 0:00:30]} 62. Rf8 {[%emt 0:00:05]} Rxf8 {[%emt 0:02:04]} 63. gxf8=Q {[%emt 0:00:08]} Kg6 {[%emt 0:00:14]} 64. Kg4 {[%emt 0:00:05]} 1-0

[Event "Baden Youth-ch 2020"]
[Site "Karlsruhe-Durlach"]
[Date "2020.01.03"]
[Round "3.6"]
[White "Visvikis, Kassandra"]
[Black "Basovskiy, Jana"]
[Result "0-1"]
[WhiteElo "1568"]
[BlackElo "1791"]
[Annotator "NA"]
[PlyCount "44"]
[EventDate "2020.01.02"]
[EventType "swiss"]
[EventCountry "GER"]
[SourceTitle "playchess.com"]
[Source "ChessBase"]
[SourceQuality "1"]
[TimeControl "5400+30"]

1. e4 {[%emt 0:00:00]} c5 {[%emt 0:00:00]} 2. Nf3 {[%emt 0:00:00]} e6 {[%emt 0:00:00]} 3. d4 {[%emt 0:00:00]} cxd4 {[%emt 0:00:00]} 4. Nxd4 {[%emt 0:00:00]} Nc6 {[%emt 0:00:00]} 5. Nc3 {[%emt 0:00:06]} Qc7 {[%emt 0:00:00]} 6. Be3 {[%emt 0:04:03]} a6 {[%emt 0:00:08]} 7. a3 {[%emt 0:00:14]} b5 {[%emt 0:04:52]} 8. Bd3 {[%emt 0:05:32]} Bb7 {[%emt 0:01:34]} 9. f3 {[%emt 0:02:53]} Nf6 {[%emt 0:04:18]} 10. O-O {[%emt 0:03:38]} Bc5 {[%emt 0:05:13]} 11. Nf5 {[%emt 0:01:32]} Qb6 {[%emt 0:07:18]} 12. Nxg7+ {[%emt 0:04:21]} Kf8 {[%emt 0:00:21]} 13. Nxe6+ {[%emt 0:00:06]} dxe6 {[%emt 0:00:56]} 14. Bxc5+ {[%emt 0:00:07]} Qxc5+ {[%emt 0:00:04]} 15. Kh1 {[%emt 0:00:00]} Rd8 {[%emt 0:09:16]} 16. Qc1 {[%emt 0:01:45]} Ke7 {[%emt 0:01:26]} 17. f4 {[%emt 0:01:26]} Rhg8 {[%emt 0:01:39]} 18. e5 {[%emt 0:01:11]} Nxe5 {[%emt 0:01:17]} 19. Rg1 {[%emt 0:00:46]} Nxd3 {[%emt 0:01:33]} 20. cxd3 {[%emt 0:00:05]} Qf2 {[%emt 0:00:14]} 21. Qf1 {[%emt 0:02:27]} Ng4 {[%emt 0:03:04]} 22. Nd1 {[%emt 0:02:41]} Qh4 {[%emt 0:01:18]} 0-1

[Event "Baden Youth-ch 2020"]
[Site "Karlsruhe-Durlach"]
[Date "2020.01.03"]
[Round "3.7"]
[White "Metzinger, Hannes"]
[Black "Doll, Alexander"]
[Result "1-0"]
[WhiteElo "1903"]
[BlackElo "2127"]
[Annotator "ChessBase"]
[PlyCount "53"]
[EventDate "2020.01.02"]
[EventType "swiss"]
[EventCountry "GER"]
[SourceTitle "playchess.com"]
[Source "ChessBase"]
[SourceQuality "1"]
[TimeControl "5400+30"]

1. e4 {[%emt 0:00:00]} e5 {[%emt 0:00:00]} 2. Nf3 {[%emt 0:00:00]} Nc6 {[%emt 0:00:00]} 3. Bc4 {[%emt 0:00:00]} Bc5 {[%emt 0:00:00]} 4. c3 {[%emt 0:00:00]} Nf6 {[%emt 0:00:00]} 5. d4 {[%emt 0:00:00]} exd4 {[%emt 0:00:00]} 6. cxd4 {[%emt 0:00:00]} Bb4+ {[%emt 0:00:03]} 7. Nc3 {[%emt 0:00:00]} Nxe4 {[%emt 0:00:42]} 8. O-O {[%emt 0:00:00]} Nxc3 {[%emt 0:00:36]} 9. bxc3 {[%emt 0:00:21]} d5 {[%emt 0:00:02]} 10. cxb4 {[%emt 0:10:40]} dxc4 {[%emt 0:00:06]} 11. d5 {[%emt 0:00:05]} Ne7 {[%emt 0:01:38]} 12. Bb2 {[%emt 0:02:20]} Qxd5 {[%emt 0:06:23]} 13. Qe2 {[%emt 0:05:25]} Be6 {[%emt 0:09:07]} 14. Rad1 {[%emt 0:02:41]} Qh5 {[%emt 0:03:55]} 15. Bxg7 {[%emt 0:04:21]} Rg8 {[%emt 0:02:03]} 16. Be5 {[%emt 0:03:01]} c6 {[%emt 0:06:05]} 17. Rfe1 {[%emt 1:09:36]} a6 {[%emt 0:08:07]} 18. Bg3 {[%emt 0:00:00]} Rd8 {[%emt 0:03:50]} 19. Qe3 {[%emt 0:00:00]} Rxd1 {[%emt 0:06:50]} 20. Rxd1 {[%emt 0:00:00]} Qb5 {[%emt 0:00:39]} 21. Qf4 {[%emt 0:00:00]} Qb6 {[%emt 0:06:24]} 22. Qb8+ {[%emt 0:00:00]} Nc8 {[%emt 0:00:59]} 23. Bh4 {[%emt 0:00:00]} c3 {[%emt 0:04:26]} 24. Rd8+ {[%emt 0:00:00]} Qxd8 {[%emt 0:01:33]} 25. Bxd8 {[%emt 0:00:00]} Kxd8 {[%emt 0:01:19]} 26. Qe5 {[%emt 0:00:00]} Bxa2 {[%emt 0:03:11]} 27. Qa5+ {[%emt 0:00:00]} 1-0

[Event "Baden Youth-ch 2020"]
[Site "Karlsruhe-Durlach"]
[Date "2020.01.03"]
[Round "3.8"]
[White "Kraus, Jens"]
[Black "Nass, Maximilian"]
[Result "0-1"]
[WhiteElo "1592"]
[BlackElo "1937"]
[Annotator "NA"]
[PlyCount "120"]
[EventDate "2020.01.02"]
[EventType "swiss"]
[EventCountry "GER"]
[SourceTitle "playchess.com"]
[Source "ChessBase"]
[SourceQuality "1"]
[TimeControl "5400+30"]

1. f4 {[%emt 0:00:00]} d5 {[%emt 0:00:00]} 2. Nf3 {[%emt 0:00:00]} Nf6 {[%emt 0:00:04]} 3. b3 {[%emt 0:00:00]} Nbd7 {[%emt 0:00:50]} (3... Bf5 4. Bb2 e6 5. e3 Be7 6. Be2 h6 7. O-O O-O 8. Ne5 Nfd7 9. Bd3 Bxd3 10. Nxd3 Nc6 11. Nc3 d4 12. exd4 Nxd4 13. Ne4 Nf6 14. Ng3 {1-0 (41) Dzagnidze,N (2507)-Girya,O (2470) Stary Smokovec 2018}) 4. Bb2 {[%emt 0:00:00]} e6 {[%emt 0:00:28]} 5. e3 {[%emt 0:00:10]} c5 {[%emt 0:00:55]} 6. Bd3 {[%emt 0:00:18] A03: Bird's Opening with 1...d5} Bd6 {[%emt 0:03:58]} 7. O-O {[%emt 0:00:19]} Qc7 {[%emt 0:00:29]} 8. c4 {[%emt 0:00:19]} e5 $146 {[%emt 0:02:13]} ({Predecessor:} 8... O-O 9. Qe1 e5 10. Bc2 dxc4 11. Nc3 cxb3 12. axb3 exf4 {1-0 (23) Ustimenko,A (1555)-Stringa,A (1335) LSS email 2012}) 9. fxe5 {[%emt 0:00:31]} Nxe5 {[%emt 0:00:14]} 10. Nxe5 {[%emt 0:00:26]} Bxe5 {[%emt 0:00:12]} 11. Bxe5 {[%emt 0:00:06]} Qxe5 {[%emt 0:00:08]} 12. Nc3 {[%emt 0:00:12]} d4 {[%emt 0:07:22]} 13. Nb5 {[%emt 0:00:28]} dxe3 {[%emt 0:01:40]} 14. Re1 {[%emt 0:00:42]} Ng4 {[%emt 0:03:48]} 15. g3 {[%emt 0:00:15]} a6 {[%emt 0:01:25]} 16. Na3 {[%emt 0:00:26]} O-O $2 {[%emt 0:06:38]} (16... Be6 $19 {is more deadly.} 17. dxe3 Rd8) 17. dxe3 {[%emt 0:00:49]} Bf5 {[%emt 0:04:22]} 18. Bxf5 {[%emt 0:01:09]} Qxf5 {[%emt 0:00:26]} 19. Qe2 {[%emt 0:00:25]} Rfe8 {[%emt 0:03:55]} 20. e4 {[%emt 0:00:32]} (20. Rf1 $17 Rxe3 21. Qxe3 Nxe3 22. Rxf5 Nxf5 23. Nb1) 20... Rxe4 {[%emt 0:01:55]} 21. Qc2 {[%emt 0:00:16]} Rxe1+ {[%emt 0:04:10]} (21... Rae8 $19 {has better winning chances.} 22. Rxe4 Rxe4) 22. Rxe1 {[%emt 0:00:09]} Qd7 {[%emt 0:03:54]} 23. Re4 $2 {[%emt 0:00:27]} (23. Qd1 $17 {was necessary.} Qf5 24. Re2) 23... Nf6 {[%emt 0:01:10]} (23... f5 $19 24. Re1 Qd4+ 25. Kh1 Nf2+ 26. Kg2 Nd3) 24. Rf4 {[%emt 0:00:56]} (24. Re2 $17) 24... Rd8 {[%emt 0:00:19]} 25. Nb1 {[%emt 0:00:36]} Nh5 $17 {[%emt 0:07:20]} (25... Qe7 $19 26. Rf2 Qe4 27. Qxe4 Nxe4) 26. Rf2 {[%emt 0:01:04]} Re8 {[%emt 0:03:55]} 27. Qd2 {[%emt 0:01:01]} Qxd2 {[%emt 0:02:37]} 28. Nxd2 {[%emt 0:00:11]} Nf6 {[%emt 0:00:45]} 29. Rf5 {[%emt 0:00:23]} b6 {[%emt 0:00:39]} 30. h3 {[%emt 0:00:37]} Rd8 {[%emt 0:01:00]} 31. Rf2 {[%emt 0:00:13]} Rd3 {[%emt 0:00:22]} 32. Kg2 {[%emt 0:00:08]} b5 {[%emt 0:00:22]} 33. Re2 {[%emt 0:00:27]} Kf8 {[%emt 0:00:35]} 34. cxb5 {[%emt 0:00:12]} axb5 {[%emt 0:00:14]} 35. Kf2 {[%emt 0:00:59]} Rxd2 {[%emt 0:03:11]} 36. Rxd2 {[%emt 0:00:16]} Ne4+ {[%emt 0:00:06]} 37. Ke3 {[%emt 0:00:07]} Nxd2 {[%emt 0:00:06]} 38. Kxd2 {[%emt 0:00:05]} b4 {[%emt 0:00:17]} 39. Kd3 {[%emt 0:00:37]} Ke7 {[%emt 0:00:12]} 40. Ke4 {[%emt 0:00:23]} Ke6 {[%emt 0:01:00]} 41. g4 {[%emt 0:00:11]} g5 {[%emt 0:01:04]} 42. Kd3 {[%emt 0:00:25]} Kd5 {[%emt 0:00:37]} 43. Ke3 {[%emt 0:00:10]} f5 {[%emt 0:00:40]} 44. gxf5 {[%emt 0:00:12]} Ke5 {[%emt 0:00:06]} 45. Kd3 {[%emt 0:00:09]} h5 {[%emt 0:00:21]} 46. Kc4 {[%emt 0:00:12]} g4 {[%emt 0:00:10]} 47. hxg4 {[%emt 0:00:04]} hxg4 {[%emt 0:00:10]} 48. Kxc5 {[%emt 0:00:05]} g3 {[%emt 0:00:15]} 49. Kxb4 {[%emt 0:00:05]} g2 {[%emt 0:00:04]} 50. a4 {[%emt 0:00:08]} g1=Q {[%emt 0:00:13]} 51. a5 {[%emt 0:00:10]} Kxf5 {[%emt 0:00:15]} 52. Kb5 {[%emt 0:00:08]} Qa7 {[%emt 0:00:24]} 53. b4 {[%emt 0:00:09]} Qb7+ {[%emt 0:00:08]} 54. Kc5 {[%emt 0:00:32]} Ke6 {[%emt 0:00:18]} 55. b5 {[%emt 0:00:11]} Qc7+ {[%emt 0:00:10]} 56. Kb4 {[%emt 0:00:09]} Kd5 {[%emt 0:00:09]} 57. b6 {[%emt 0:00:14]} Qc4+ {[%emt 0:00:13]} 58. Ka3 {[%emt 0:00:16]} Qc3+ {[%emt 0:00:08]} 59. Ka4 {[%emt 0:00:14]} Kc5 {[%emt 0:00:12]} 60. b7 {[%emt 0:00:16]} Qb4# {[%emt 0:00:08]} 0-1

[Event "Baden Youth-ch 2020"]
[Site "Karlsruhe-Durlach"]
[Date "2020.01.03"]
[Round "3.9"]
[White "Wagner, Lena"]
[Black "Grining, Maria"]
[Result "0-1"]
[WhiteElo "1289"]
[BlackElo "1744"]
[Annotator "NA"]
[PlyCount "44"]
[EventDate "2020.01.02"]
[EventType "swiss"]
[EventCountry "GER"]
[SourceTitle "playchess.com"]
[Source "ChessBase"]
[SourceQuality "1"]
[TimeControl "5400+30"]

1. d4 {[%emt 0:00:00]} d5 {[%emt 0:00:00]} 2. Nf3 {[%emt 0:00:01]} Nf6 {[%emt 0:00:00]} 3. Bf4 {[%emt 0:00:27]} e6 {[%emt 0:00:08]} 4. g3 {[%emt 0:00:57]} c5 {[%emt 0:00:16]} 5. Bg2 {[%emt 0:01:14]} Qb6 {[%emt 0:01:14]} 6. dxc5 {[%emt 0:05:41]} Bxc5 {[%emt 0:00:44]} 7. O-O {[%emt 0:02:13]} Nc6 {[%emt 0:03:14]} 8. Nbd2 {[%emt 0:05:42]} e5 {[%emt 0:17:56]} 9. Nxe5 {[%emt 0:10:19]} Nxe5 {[%emt 0:00:26]} 10. Bxe5 {[%emt 0:00:22]} Ng4 {[%emt 0:00:14]} 11. Nb3 {[%emt 0:09:59]} Bxf2+ {[%emt 0:12:25]} 12. Kh1 {[%emt 0:05:56]} Nxe5 {[%emt 0:20:12]} 13. Qxd5 {[%emt 0:07:28]} Ng4 {[%emt 0:02:00]} 14. Qf3 {[%emt 0:04:28]} Be6 {[%emt 0:09:33]} 15. h3 {[%emt 0:04:50]} h5 {[%emt 0:00:14]} 16. Qxb7 {[%emt 0:03:00]} Rb8 {[%emt 0:02:56]} 17. Qxb6 {[%emt 0:05:04]} Rxb6 {[%emt 0:00:49]} 18. Na5 {[%emt 0:07:32]} h4 {[%emt 0:02:18]} 19. Bc6+ {[%emt 0:06:16]} Rxc6 {[%emt 0:00:12]} 20. hxg4 {[%emt 0:02:56]} hxg3+ {[%emt 0:00:42]} 21. Kg2 {[%emt 0:00:11]} Bd5+ {[%emt 0:00:06]} 22. e4 {[%emt 0:00:13]} Bxe4# {[%emt 0:00:04]} 0-1

[Event "Baden Youth-ch 2020"]
[Site "Karlsruhe-Durlach"]
[Date "2020.01.03"]
[Round "3.10"]
[White "Ehmann, Johanna"]
[Black "Schneider, Xenia"]
[Result "0-1"]
[WhiteElo "1846"]
[BlackElo "1332"]
[Annotator "NA"]
[PlyCount "120"]
[EventDate "2020.01.02"]
[EventType "swiss"]
[EventCountry "GER"]
[SourceTitle "playchess.com"]
[Source "ChessBase"]
[SourceQuality "1"]
[TimeControl "5400+30"]

1. e4 {[%emt 0:00:00]} e5 {[%emt 0:00:00]} 2. Nf3 {[%emt 0:00:00]} Nc6 {[%emt 0:00:00]} 3. d4 {[%emt 0:00:00]} exd4 {[%emt 0:00:14]} 4. Bc4 {[%emt 0:00:20]} Nf6 {[%emt 0:01:29]} 5. e5 {[%emt 0:00:36]} d5 {[%emt 0:00:53]} 6. Bb5 {[%emt 0:00:33]} Ne4 {[%emt 0:01:23]} 7. Nxd4 {[%emt 0:00:44]} Bd7 {[%emt 0:00:34]} 8. Bxc6 {[%emt 0:00:40]} bxc6 {[%emt 0:00:14]} 9. O-O {[%emt 0:00:39]} Bc5 {[%emt 0:00:41]} 10. f3 {[%emt 0:00:22]} Ng5 {[%emt 0:02:49]} 11. f4 {[%emt 0:00:40]} Ne4 {[%emt 0:24:12]} 12. Be3 {[%emt 0:02:32]} Bxd4 {[%emt 0:08:31]} 13. Qxd4 {[%emt 0:06:12]} O-O $16 {[%emt 0:16:19]} 14. f5 {[%emt 0:19:51]} Qc8 {[%emt 0:02:47]} 15. f6 {[%emt 0:08:27]} Bf5 {[%emt 0:10:03]} 16. Nc3 {[%emt 0:15:56]} Nxc3 {[%emt 0:10:03]} 17. Qxc3 {[%emt 0:03:19]} Qe6 {[%emt 0:01:16]} 18. Bc5 {[%emt 0:03:58]} Rfe8 {[%emt 0:04:19]} 19. Qg3 {[%emt 0:03:17]} Bg6 {[%emt 0:02:31]} 20. Rae1 {[%emt 0:07:45]} Kh8 {[%emt 0:01:23]} 21. Be7 {[%emt 0:04:53]} Rxe7 {[%emt 0:01:24]} 22. fxe7 {[%emt 0:00:09]} Bxc2 {[%emt 0:00:48]} 23. Rc1 {[%emt 0:03:12]} Be4 {[%emt 0:05:41]} 24. Qc3 {[%emt 0:01:23]} Qxe7 {[%emt 0:00:21]} 25. Qxc6 {[%emt 0:00:23]} Re8 {[%emt 0:02:37]} 26. Qxc7 {[%emt 0:02:23]} Qg5 {[%emt 0:00:41]} 27. Rf2 {[%emt 0:01:07]} h6 {[%emt 0:00:14]} 28. Rcf1 {[%emt 0:03:15]} Re7 {[%emt 0:00:54]} 29. Qd8+ {[%emt 0:02:23]} Kh7 {[%emt 0:00:05]} 30. Qa5 {[%emt 0:06:13]} Rxe5 {[%emt 0:00:34]} 31. Qd2 {[%emt 0:00:51]} Qg6 {[%emt 0:00:29]} 32. Rxf7 {[%emt 0:01:18]} Bxg2 {[%emt 0:00:21]} 33. Qxg2 {[%emt 0:01:04]} Rg5 {[%emt 0:00:05]} 34. R7f2 {[%emt 0:00:45]} Rxg2+ {[%emt 0:00:42]} 35. Rxg2 {[%emt 0:00:07]} Qb6+ {[%emt 0:00:06]} 36. Kh1 {[%emt 0:01:08]} Qd4 {[%emt 0:00:22]} 37. Rgf2 {[%emt 0:01:09]} Qe4+ {[%emt 0:00:16]} 38. Kg1 {[%emt 0:00:23]} d4 {[%emt 0:00:15]} 39. Rg2 {[%emt 0:00:52]} d3 {[%emt 0:00:28]} 40. Rd1 {[%emt 0:00:26]} Qe3+ {[%emt 0:01:02]} 41. Kh1 {[%emt 0:00:27]} Qf3 {[%emt 0:02:19]} 42. Rdd2 {[%emt 0:00:09]} h5 {[%emt 0:00:32]} 43. Kg1 {[%emt 0:00:27]} Qe3+ {[%emt 0:00:44]} 44. Rgf2 {[%emt 0:00:38]} h4 {[%emt 0:00:36]} 45. Kf1 {[%emt 0:00:48]} g5 {[%emt 0:00:16]} 46. Rd1 {[%emt 0:00:32]} h3 {[%emt 0:00:24]} 47. Rfd2 {[%emt 0:00:24]} Qf3+ {[%emt 0:00:18]} 48. Ke1 {[%emt 0:00:44]} Qh1+ {[%emt 0:00:37]} 49. Kf2 {[%emt 0:00:05]} Qxh2+ {[%emt 0:00:16]} 50. Ke3 {[%emt 0:00:05]} Qf4+ {[%emt 0:00:53]} 51. Kxd3 {[%emt 0:00:08]} g4 {[%emt 0:00:18]} 52. Kc3 {[%emt 0:00:23]} h2 {[%emt 0:00:35]} 53. Rd7+ {[%emt 0:00:16]} Kg6 {[%emt 0:00:20]} 54. R7d6+ {[%emt 0:00:49]} Kg5 {[%emt 0:00:44]} 55. R1d5+ {[%emt 0:00:42]} Kh4 {[%emt 0:00:14]} 56. Rd1 {[%emt 0:01:01]} Qf3+ {[%emt 0:00:54]} 57. Kb4 {[%emt 0:00:48]} Kg3 {[%emt 0:00:53]} 58. R6d3 {[%emt 0:00:45]} h1=Q {[%emt 0:00:29]} 59. Rxh1 {[%emt 0:00:26]} Qxd3 {[%emt 0:00:05]} 60. a4 {[%emt 0:00:19]} Qe4+ {[%emt 0:00:06]} 0-1

[Event "Baden Youth-ch 2020"]
[Site "Karlsruhe-Durlach"]
[Date "2020.01.04"]
[Round "4.1"]
[White "Hecht, Jonas"]
[Black "Haenselmann, Hendrik"]
[Result "1/2-1/2"]
[WhiteElo "1754"]
[BlackElo "1807"]
[Annotator "NA"]
[PlyCount "47"]
[EventDate "2020.01.02"]
[EventType "swiss"]
[EventCountry "GER"]
[SourceTitle "playchess.com"]
[Source "ChessBase"]
[SourceQuality "1"]
[TimeControl "5400+30"]

1. e4 {[%emt 0:00:00]} c5 {[%emt 0:00:00]} 2. Nf3 {[%emt 0:00:00]} e6 {[%emt 0:00:00]} 3. d4 {[%emt 0:00:00]} cxd4 {[%emt 0:00:00]} 4. Nxd4 {[%emt 0:00:06]} Nf6 {[%emt 0:00:00]} 5. Nc3 {[%emt 0:00:08]} Nc6 {[%emt 0:00:03]} 6. Be3 {[%emt 0:00:05]} Bb4 {[%emt 0:00:23]} 7. f3 {[%emt 0:01:14]} O-O {[%emt 0:00:38]} 8. Qd2 {[%emt 0:02:43]} a6 {[%emt 0:01:52]} (8... d5 $11) 9. O-O-O {[%emt 0:03:13]} Qc7 {[%emt 0:00:54]} 10. a3 {[%emt 0:06:46]} Ba5 {[%emt 0:02:56]} 11. Nb3 {[%emt 0:01:55]} Bxc3 $1 {[%emt 0:02:30]} 12. Qxc3 $14 {[%emt 0:02:14]} d5 {[%emt 0:01:09]} 13. Bg5 {[%emt 0:06:19]} dxe4 {[%emt 0:01:24]} 14. Bxf6 {[%emt 0:01:38]} Qf4+ {[%emt 0:00:37]} 15. Kb1 {[%emt 0:00:59]} Qxf6 {[%emt 0:03:42]} 16. Qxf6 {[%emt 0:01:00]} gxf6 {[%emt 0:00:04]} 17. fxe4 {[%emt 0:00:05]} Ne5 {[%emt 0:00:41]} 18. Rd6 {[%emt 0:02:05]} Bd7 {[%emt 0:03:14]} 19. Na5 {[%emt 0:10:46]} Bc6 {[%emt 0:01:04]} 20. Nxc6 {[%emt 0:00:07]} Nxc6 {[%emt 0:02:12]} 21. Be2 {[%emt 0:00:48]} Rfd8 {[%emt 0:01:48]} 22. Rhd1 {[%emt 0:00:28]} Rxd6 {[%emt 0:01:15]} 23. Rxd6 {[%emt 0:00:09]} Rd8 {[%emt 0:00:12]} 24. Rxd8+ {[%emt 0:01:11]} 1/2-1/2

[Event "Baden Youth-ch 2020"]
[Site "Karlsruhe-Durlach"]
[Date "2020.01.04"]
[Round "4.2"]
[White "Neves, Carlos"]
[Black "Hockenjos, Marius"]
[Result "1-0"]
[WhiteElo "1438"]
[BlackElo "1100"]
[Annotator "NA"]
[PlyCount "79"]
[EventDate "2020.01.02"]
[EventType "swiss"]
[EventCountry "GER"]
[SourceTitle "playchess.com"]
[Source "ChessBase"]
[SourceQuality "1"]
[TimeControl "5400+30"]

1. d4 {[%emt 0:00:00]} e6 {[%emt 0:00:00]} 2. c4 {[%emt 0:00:00]} d5 {[%emt 0:00:00]} 3. Nf3 {[%emt 0:00:08]} Nf6 {[%emt 0:00:09]} 4. g3 {[%emt 0:00:10]} Be7 {[%emt 0:00:16]} 5. Bg2 {[%emt 0:00:15]} O-O {[%emt 0:00:25]} 6. O-O {[%emt 0:00:07]} dxc4 {[%emt 0:00:37]} 7. Qc2 {[%emt 0:01:11]} c5 {[%emt 0:02:00]} 8. Qxc4 {[%emt 0:10:14]} Nbd7 {[%emt 0:03:04]} (8... cxd4 $11 9. Nxd4 e5) 9. Rd1 {[%emt 0:01:20]} Qc7 $14 {[%emt 0:08:31]} 10. Qc2 {[%emt 0:17:39]} b6 {[%emt 0:02:08]} 11. Bf4 {[%emt 0:22:28]} Bd6 {[%emt 0:09:23]} 12. Ne5 {[%emt 0:04:12]} Bb7 {[%emt 0:01:46]} 13. Nxd7 {[%emt 0:00:37]} Bxg2 {[%emt 0:01:14]} 14. Nxf6+ {[%emt 0:00:17]} gxf6 {[%emt 0:00:16]} 15. Bxd6 {[%emt 0:06:24]} Qxd6 {[%emt 0:00:18]} 16. Kxg2 {[%emt 0:00:24]} Qc6+ {[%emt 0:00:34]} 17. e4 {[%emt 0:00:20]} f5 {[%emt 0:00:24]} 18. d5 {[%emt 0:00:21]} exd5 {[%emt 0:00:44]} 19. exd5 {[%emt 0:00:13]} Qf6 {[%emt 0:00:48]} 20. Qc3 {[%emt 0:01:35]} Qd6 {[%emt 0:01:38]} 21. Na3 {[%emt 0:01:37]} Rad8 {[%emt 0:03:52]} 22. Nc4 {[%emt 0:01:10]} Qg6 {[%emt 0:00:53]} 23. Qc2 {[%emt 0:03:38]} Qg5 {[%emt 0:00:36]} 24. Ne3 {[%emt 0:05:21]} f4 {[%emt 0:01:27]} 25. Qf5 {[%emt 0:00:37]} Qxf5 {[%emt 0:01:28]} 26. Nxf5 {[%emt 0:00:07]} fxg3 {[%emt 0:00:13]} 27. hxg3 {[%emt 0:00:44]} Rfe8 {[%emt 0:00:28]} 28. Re1 {[%emt 0:00:15]} Kf8 {[%emt 0:01:38]} 29. d6 {[%emt 0:00:27]} Re6 {[%emt 0:00:40]} 30. g4 {[%emt 0:00:57]} Rf6 {[%emt 0:02:18]} 31. Re2 {[%emt 0:02:49]} h5 {[%emt 0:01:21]} 32. Rh1 {[%emt 0:00:54]} Rg6 {[%emt 0:01:10]} 33. f3 {[%emt 0:00:51]} hxg4 {[%emt 0:03:07]} 34. Rh8+ {[%emt 0:00:18]} Rg8 {[%emt 0:00:04]} 35. Rxg8+ {[%emt 0:00:10]} Kxg8 {[%emt 0:00:20]} 36. fxg4 {[%emt 0:00:09]} Kh7 {[%emt 0:00:55]} 37. Kf3 {[%emt 0:01:10]} Kg6 {[%emt 0:00:08]} 38. Kf4 {[%emt 0:00:30]} Kf6 {[%emt 0:00:49]} 39. Re7 {[%emt 0:02:32]} Rxd6 {[%emt 0:02:21]} 40. g5+ {[%emt 0:01:46]} 1-0